[Event "1.FrauenBL 2018-19"]
[Site "Berlin"]
[Date "2019.03.02"]
[Round "10.11"]
[White "Ankerst, Milka"]
[Black "Sherif, Amina"]
[Result "1-0"]
[WhiteElo "1996"]
[BlackElo "1954"]
[Annotator "NA"]
[PlyCount "72"]
[EventDate "2018.10.27"]
[EventType "team-tourn"]
[EventCountry "GER"]
[SourceTitle "playchess.com"]
[Source "ChessBase"]
[SourceQuality "1"]
[WhiteTeam "FC Bayern Muenchen"]
[BlackTeam "TuRa Harksheide"]
[TimeControl "40/5400+30:1800+30"]

1. e4 {[%emt 0:00:34]} c5 {[%emt 0:00:14]} 2. Nf3 {[%emt 0:00:24]} e6 {[%emt 0:00:28]} 3. d3 {[%emt 0:00:31]} Nc6 {[%emt 0:01:48]} 4. g3 {[%emt 0:00:29]} d5 {[%emt 0:01:06]} 5. Nbd2 {[%emt 0:00:26]} Nf6 {[%emt 0:01:24]} 6. Bg2 {[%emt 0:00:44]} Be7 {[%emt 0:01:48]} 7. O-O {[%emt 0:00:37]} Qc7 {[%emt 0:01:33]} 8. Re1 {[%emt 0:01:40]} b6 {[%emt 0:01:09]} 9. e5 {[%emt 0:03:21]} Nd7 {[%emt 0:00:14]} 10. Qe2 {[%emt 0:00:29]} Bb7 {[%emt 0:01:25]} 11. c3 {[%emt 0:01:22]} O-O-O {[%emt 0:13:08]} 12. Nf1 {[%emt 0:05:43]} Rdg8 {[%emt 0:08:51]} 13. Bd2 {[%emt 0:09:43]} g5 {[%emt 0:04:54]} 14. h3 {[%emt 0:00:33]} g4 {[%emt 0:24:10]} 15. hxg4 {[%emt 0:01:34]} Rxg4 {[%emt 0:01:20]} 16. N1h2 {[%emt 0:03:53]} Rg7 {[%emt 0:02:44]} 17. b4 {[%emt 0:09:15]} cxb4 {[%emt 0:05:11]} 18. cxb4 {[%emt 0:02:57]} Bxb4 {[%emt 0:01:42]} 19. Bxb4 {[%emt 0:03:06]} Nxb4 {[%emt 0:00:05]} 20. Rac1 {[%emt 0:00:27]} Nc6 {[%emt 0:00:09]} 21. Nd4 {[%emt 0:00:29]} Ndb8 {[%emt 0:03:11]} 22. Nb5 {[%emt 0:01:31]} Qd7 {[%emt 0:00:30]} 23. Nxa7+ {[%emt 0:00:51]} Kd8 {[%emt 0:00:11]} 24. Qb2 {[%emt 0:01:51]} Ke8 {[%emt 0:04:29]} 25. Qxb6 {[%emt 0:01:43]} h5 {[%emt 0:04:13]} 26. Nb5 {[%emt 0:02:29]} Kf8 {[%emt 0:01:32]} 27. Nf3 {[%emt 0:04:02]} Kg8 {[%emt 0:07:08]} 28. a4 {[%emt 0:01:40]} h4 {[%emt 0:04:15]} 29. Nxh4 {[%emt 0:04:54]} Rxh4 {[%emt 0:00:36]} 30. gxh4 {[%emt 0:00:38]} d4 {[%emt 0:03:40]} 31. Kf1 {[%emt 0:01:09]} Rxg2 {[%emt 0:01:15]} 32. Nd6 {[%emt 0:03:28]} Rh2 {[%emt 0:01:21]} 33. Qxb7 {[%emt 0:03:35]} Z0 34. Qxd7 Z0 35. Ra1 Z0 36. Nc8 Z0 {Ke1 [%clk ]} 1-0

[Event "1.FrauenBL 2018-19"]
[Site "Berlin"]
[Date "2019.03.02"]
[Round "10.12"]
[White "Waechter, Nathalie"]
[Black "Spiel, Marianne"]
[Result "1-0"]
[WhiteElo "2038"]
[BlackElo "1901"]
[Annotator "NA"]
[PlyCount "67"]
[EventDate "2018.10.27"]
[EventType "team-tourn"]
[EventCountry "GER"]
[SourceTitle "playchess.com"]
[Source "ChessBase"]
[SourceQuality "1"]
[WhiteTeam "TuRa Harksheide"]
[BlackTeam "FC Bayern Muenchen"]
[TimeControl "40/5400+30:1800+30"]

1. d4 {[%emt 0:00:02]} Nf6 {[%emt 0:00:00]} 2. c4 {[%emt 0:00:08]} e6 {[%emt 0:00:26]} 3. Nf3 {[%emt 0:00:05]} d5 {[%emt 0:00:00]} 4. Bg5 {[%emt 0:00:16]} c6 {[%emt 0:01:48]} 5. cxd5 {[%emt 0:00:22]} exd5 {[%emt 0:00:00]} 6. Nc3 {[%emt 0:00:13]} Be7 {[%emt 0:00:00]} 7. Qc2 {[%emt 0:07:28]} O-O {[%emt 0:07:33]} 8. e3 {[%emt 0:01:13]} Be6 {[%emt 0:00:00]} 9. Bd3 {[%emt 0:00:00]} Nbd7 {[%emt 0:06:07]} 10. O-O {[%emt 0:00:00]} h6 {[%emt 0:00:48]} 11. Bh4 {[%emt 0:00:00]} g5 {[%emt 0:00:00]} 12. Bg3 {[%emt 0:00:00]} Nh5 {[%emt 0:10:39]} 13. Bh7+ {[%emt 0:32:30]} Kg7 {[%emt 0:02:20]} 14. Be5+ {[%emt 0:07:00]} Nxe5 {[%emt 0:00:54]} 15. Nxe5 {[%emt 0:00:40]} Nf6 {[%emt 0:18:52]} 16. Bd3 {[%emt 0:01:06]} Bd6 {[%emt 0:01:06]} 17. f4 {[%emt 0:02:06]} Ng4 {[%emt 0:00:00]} 18. Qe2 {[%emt 0:05:38]} Nxe5 {[%emt 0:10:15]} 19. dxe5 {[%emt 0:00:34]} Bc5 {[%emt 0:02:25]} 20. f5 {[%emt 0:00:46]} Bd7 {[%emt 0:12:40]} 21. f6+ {[%emt 0:06:23]} Kh8 {[%emt 0:01:03]} 22. Na4 {[%emt 0:10:32]} Bb6 {[%emt 0:00:00]} 23. Nxb6 {[%emt 0:00:37]} Qxb6 {[%emt 0:00:13]} 24. Kh1 {[%emt 0:02:07]} g4 {[%emt 0:05:33]} 25. Qf2 {[%emt 0:01:07]} Rg8 {[%emt 0:00:00]} 26. Rae1 {[%emt 0:09:55]} Qd8 {[%emt 0:07:36]} 27. e4 {[%emt 0:01:00]} Be6 {[%emt 0:00:00]} 28. exd5 {[%emt 0:01:49]} Qxd5 {[%emt 0:00:00]} 29. Bb1 {[%emt 0:03:05]} Qd8 {[%emt 0:05:42]} 30. Rd1 {[%emt 0:00:04]} Qf8 {[%emt 0:00:12]} 31. Rd6 {[%emt 0:02:07]} Rg5 {[%emt 0:02:11]} 32. Qc2 {[%emt 0:01:23]} Qg8 {[%emt 0:00:42]} 33. Rxe6 {[%emt 0:00:21]} fxe6 {[%emt 0:05:04]} 34. f7 {[%emt 0:00:04]} 1-0

[Event "1.FrauenBL 2018-19"]
[Site "Berlin"]
[Date "2019.03.03"]
[Round "11"]
[White "Schleining, Zoya"]
[Black "Muetsch, Annmarie"]
[Result "1-0"]
[WhiteElo "2344"]
[BlackElo "2249"]
[Annotator "NA"]
[PlyCount "90"]
[EventDate "2018.10.27"]
[EventType "team-tourn"]
[EventCountry "GER"]
[SourceTitle "playchess.com"]
[Source "ChessBase"]
[SourceQuality "1"]
[WhiteTeam "SF Deizisau"]
[BlackTeam "Karlsruher SF"]
[TimeControl "40/5400+30:1800+30"]

1. d4 {[%emt 0:00:04]} Nf6 {[%emt 0:00:06]} 2. Nf3 {[%emt 0:00:07]} g6 {[%emt 0:00:08]} 3. c4 {[%emt 0:00:22]} Bg7 {[%emt 0:00:08]} 4. Nc3 {[%emt 0:00:06]} O-O {[%emt 0:00:13]} 5. e4 {[%emt 0:00:20]} d6 {[%emt 0:00:07]} 6. Be3 {[%emt 0:00:23]} e5 {[%emt 0:00:39]} 7. d5 {[%emt 0:02:09]} Ng4 {[%emt 0:03:19]} 8. Bg5 {[%emt 0:00:20]} f6 {[%emt 0:00:12]} 9. Bh4 {[%emt 0:00:48]} h5 {[%emt 0:01:16]} 10. h3 {[%emt 0:00:30]} Nh6 {[%emt 0:00:05]} 11. Nd2 {[%emt 0:01:18]} c5 {[%emt 0:07:28]} 12. Be2 {[%emt 0:04:33]} Na6 {[%emt 0:04:12]} 13. a3 {[%emt 0:10:40]} Nf7 {[%emt 0:11:01]} 14. g4 {[%emt 0:28:02]} hxg4 {[%emt 0:09:58]} 15. Bxg4 {[%emt 0:00:35]} Nh6 {[%emt 0:05:44]} 16. Bxc8 {[%emt 0:02:33]} Qxc8 {[%emt 0:00:20]} 17. Qe2 {[%emt 0:05:10]} g5 {[%emt 0:07:12]} 18. Bg3 {[%emt 0:00:10]} Kf7 {[%emt 0:03:01]} 19. Nf1 {[%emt 0:05:58]} Ke7 {[%emt 0:04:19]} 20. h4 {[%emt 0:07:46]} g4 {[%emt 0:01:44]} 21. Ne3 {[%emt 0:00:37]} Qd7 {[%emt 0:03:44]} 22. h5 {[%emt 0:02:00]} Rg8 {[%emt 0:01:57]} 23. Bh4 {[%emt 0:05:00]} Nc7 {[%emt 0:00:30]} 24. O-O-O {[%emt 0:03:33]} b5 {[%emt 0:03:41]} 25. cxb5 {[%emt 0:01:10]} Rab8 {[%emt 0:00:11]} 26. a4 {[%emt 0:04:15]} a6 {[%emt 0:00:14]} 27. bxa6 {[%emt 0:01:07]} Ra8 {[%emt 0:04:09]} 28. f3 {[%emt 0:00:52]} g3 {[%emt 0:04:35]} 29. Rdg1 {[%emt 0:00:26]} Bh8 {[%emt 0:00:50]} 30. Rxg3 {[%emt 0:01:16]} Rxg3 {[%emt 0:00:09]} 31. Bxg3 {[%emt 0:00:02]} Nxa6 {[%emt 0:01:04]} 32. Qb5 {[%emt 0:02:44]} Qa7 {[%emt 0:01:32]} 33. Nc4 {[%emt 0:02:46]} Nb4 {[%emt 0:02:00]} 34. Qb6 {[%emt 0:01:23]} Qd7 {[%emt 0:02:12]} 35. Qb5 {[%emt 0:02:37]} Qc7 {[%emt 0:03:14]} 36. Qb6 {[%emt 0:00:34]} Qd7 {[%emt 0:00:19]} 37. Na5 {[%emt 0:02:17]} Ra6 {[%emt 0:03:43]} 38. Nc6+ {[%emt 0:00:19]} Qxc6 {[%emt 0:01:00]} 39. Qxc6 {[%emt 0:00:09]} Nxc6 {[%emt 0:00:04]} 40. dxc6 {[%emt 0:00:10]} Rxc6 {[%emt 0:00:08]} 41. b3 {[%emt 0:32:50]} Bg7 {[%emt 0:36:02]} 42. Bf2 {[%emt 0:02:03]} Nf7 {[%emt 0:00:00]} 43. Be3 {[%emt 0:00:00]} Bf8 44. Z0 Rb6 45. Nb1 Z0 {Ra7 [%clk ] --- [%clk ] b7 [%clk ]} 1-0

[Event "1.FrauenBL 2018-19"]
[Site "Berlin"]
[Date "2019.03.03"]
[Round "11"]
[White "Zschischang, Marine"]
[Black "Pralle, Katharina"]
[Result "1-0"]
[WhiteElo "2069"]
[BlackElo "1979"]
[Annotator "NA"]
[PlyCount "69"]
[EventDate "2018.10.27"]
[EventType "team-tourn"]
[EventCountry "GER"]
[SourceTitle "playchess.com"]
[Source "ChessBase"]
[SourceQuality "1"]
[WhiteTeam "SK Lehrte"]
[BlackTeam "Hofheim"]
[TimeControl "40/5400+30:1800+30"]

1. d4 {[%emt 0:00:01]} d5 {[%emt 0:00:00]} 2. c4 {[%emt 0:00:04]} e6 {[%emt 0:00:17]} 3. Nc3 {[%emt 0:00:02]} Nf6 {[%emt 0:00:21]} 4. Bg5 {[%emt 0:00:01]} Nbd7 {[%emt 0:01:23]} 5. cxd5 {[%emt 0:00:05]} exd5 {[%emt 0:00:05]} 6. e3 {[%emt 0:00:06]} c6 {[%emt 0:00:17]} 7. Nf3 {[%emt 0:00:57]} Be7 {[%emt 0:02:39]} 8. Bd3 {[%emt 0:00:00]} h6 {[%emt 0:01:56]} 9. Bh4 {[%emt 0:00:32]} O-O {[%emt 0:00:43]} 10. Qc2 {[%emt 0:00:03]} Re8 {[%emt 0:02:13]} 11. h3 {[%emt 0:00:04]} b6 {[%emt 0:09:24]} 12. O-O {[%emt 0:02:53]} Bb7 {[%emt 0:01:17]} 13. Bg3 {[%emt 0:08:47]} c5 {[%emt 0:09:18]} 14. Nb5 {[%emt 0:06:51]} Rf8 {[%emt 0:13:07]} 15. Nd6 {[%emt 0:05:07]} Bc6 {[%emt 0:00:52]} 16. Nf5 {[%emt 0:13:16]} c4 {[%emt 0:09:21]} 17. Nxe7+ {[%emt 0:03:49]} Qxe7 {[%emt 0:00:09]} 18. Bh4 {[%emt 0:26:28]} Rac8 {[%emt 0:20:01]} 19. Bf5 {[%emt 0:04:24]} g6 {[%emt 0:06:13]} 20. Bg4 {[%emt 0:03:16]} h5 {[%emt 0:02:05]} 21. Bxd7 {[%emt 0:03:01]} Bxd7 {[%emt 0:00:09]} 22. Ne5 {[%emt 0:00:42]} Kg7 {[%emt 0:07:33]} 23. f3 {[%emt 0:06:30]} Qe8 {[%emt 0:05:28]} 24. e4 {[%emt 0:02:43]} Be6 {[%emt 0:01:07]} 25. Rae1 {[%emt 0:03:51]} Qb5 {[%emt 0:02:41]} 26. a4 {[%emt 0:02:35]} Qb4 {[%emt 0:01:12]} 27. Bxf6+ {[%emt 0:00:23]} Kxf6 {[%emt 0:00:06]} 28. exd5 {[%emt 0:00:03]} Bxd5 {[%emt 0:00:19]} 29. Nd7+ {[%emt 0:00:06]} Kg7 {[%emt 0:00:18]} 30. Nxf8 {[%emt 0:00:16]} Rxf8 {[%emt 0:00:40]} 31. Re5 {[%emt 0:05:07]} Bc6 {[%emt 0:00:44]} 32. Ra1 {[%emt 0:00:22]} Rd8 {[%emt 0:00:38]} 33. Qc3 {[%emt 0:00:10]} Qd6 {[%emt 0:01:47]} 34. d5 {[%emt 0:02:26]} f6 {[%emt 0:01:37]} 35. Re6 {[%emt 0:00:18]} 1-0

[Event "1.FrauenBL 2018-19"]
[Site "Berlin"]
[Date "2019.03.03"]
[Round "11.1"]
[White "Unuk, Laura"]
[Black "Bodnaruk, Anastasia"]
[Result "0-1"]
[WhiteElo "2266"]
[BlackElo "2422"]
[Annotator "TA"]
[PlyCount "150"]
[EventDate "2018.10.27"]
[EventType "team-tourn"]
[EventCountry "GER"]
[SourceTitle "playchess.com"]
[Source "ChessBase"]
[SourceQuality "1"]
[WhiteTeam "TuRa Harksheide"]
[BlackTeam "Rodewischer SM"]

{[%evp 23,150,6,34,26,35,35,32,37,47,43,38,28,20,18,18,0,12,6,2,14,12,7,53,49,69,59,76,0,0,0,0,-12,-7,-136,-140,-145,-138,-105,-47,-50,0,0,0,-139,-137,-108,-22,-172,-166,-174,-174,-181,-167,-178,-171,-180,-168,-162,-42,-52,0,-170,-147,-581,-577,-527,-510,-464,-321,-6125,-5843,-5843,-5716,-2308,-438,-438,-438,-438,-438,-438,-438,-1091,-1091,-1091,-1091,-1063,-1028,-1066,-920,-1059,-1008,-997,-983,-975,-972,-953,-928,-29971,-29973,-29972,-29973,-29976,-29977,-29976,-29978,-29977,-29979,-29979,-29980,-29980,-29981,-29980,-29982,-29983,-29981,-29982,-29983,-29983,-29984,-29984,-29985,-29985,-29985,-29985,-29986,-29986,-29987,-29990,-29991]} 1. d4 Nf6 2. c4 g6 3. Nc3 Bg7 4. e4 d6 5. Nf3 O-O 6. Be2 e5 7. O-O Nc6 8. d5 Ne7 9. b4 a5 10. Ba3 axb4 11. Bxb4 b6 12. a4 Ne8 13. Qd3 {E97: King's Indian: Classical Main Line (6...e5 7 0-0 Nc6): 8 Be3 and 8 d5 Ne7, not 9 Ne1} (13. Nd2 f5 14. Nb3 Nf6 15. f3 Bh6 16. Qd3 Nh5 17. g3 fxe4 18. fxe4 Nf6 19. a5 Bh3 20. Rf2 bxa5 21. Bxa5 {0-1 (29) Pogosyan,S (2365)-Carlsen,M (2835) St Petersburg 2018}) 13... Kh8 14. Rfd1 f5 15. a5 {White is slightly better.} fxe4 16. Nxe4 bxa5 17. Bxa5 Bf5 18. Nfg5 Qc8 $146 ({Predecessor:} 18... Qd7 19. Bf3 Rb8 20. c5 h6 {½-½ (85) Riemersma,L (2416)-Hoffman,R (2106) Amsterdam 2011}) 19. Qe3 h6 20. Nf3 Bxe4 $1 21. Qxe4 Nf6 22. Qb1 Nf5 23. Bc3 c6 24. dxc6 Rxa1 25. Qxa1 ({White should play} 25. Bxa1 $16 Qxc6 26. Bd3) 25... Ne4 $11 26. Be1 Qxc6 27. Qa7 Nc5 {Black wants to play ...e4.} 28. Bf1 (28. Bc3 $11) 28... e4 $17 29. Nd2 Qe8 30. Qa2 Qe7 (30... Nd4 $17 {And now ...e3 would win.} 31. Nb1 e3) 31. Nb3 $15 e3 32. Nxc5 dxc5 33. Qe2 (33. Bd3 $1 $11 {keeps the balance.}) 33... Bd4 $17 34. Rd3 Qe5 (34... Kg8 $17 35. h3 Rb8 36. fxe3 Nxe3) 35. g4 (35. fxe3 $1 $11 {and White has nothing to worry.} Nxe3 {[%mdl 64] Double Attack, Discovered Attack} 36. Bf2 Rxf2 37. Kxf2) 35... Nh4 $1 $19 {[%cal Rh4f3] ( -> ...Nf3+)} 36. fxe3 Nf3+ 37. Kh1 {Threatens to win with Bg3.} Nxe1 $40 {[%mdl 128] Black has strong attack.} 38. Qxe1 Qe4+ {[%mdl 64] Double Attack} 39. Kg1 Re8 $1 {aiming for ...g5.} ({Don't take} 39... Qxg4+ 40. Qg3 $15) 40. Kf2 Qf4+ ({Black should try} 40... Qh1 $19 41. Ke2 Bg7) 41. Kg2 $15 Qe4+ (41... Qxg4+ $15 42. Qg3 Qxg3+ 43. hxg3 Rxe3) 42. Kf2 $1 $19 Qxg4 {[%cal Re8f8]} 43. Qe2 $2 {[%mdl 8192] [#]} (43. Bg2 $17) 43... Rf8+ $1 44. Ke1 Qh4+ 45. Kd1 Ra8 46. Rd2 $2 (46. exd4 Ra1+ 47. Kd2 Ra2+ {[%mdl 64] Skewer} 48. Ke3 Rxe2+ 49. Bxe2) 46... Ra1+ 47. Kc2 Qe4+ 48. Qd3 Qb7 (48... Qa8 $142 {[%cal Ra8a2]} 49. Qb3 Ra2+ 50. Kc1 {[#]} Bxe3 $1 {[%mdl 512]}) 49. Qb3 {[#]} Rc1+ $1 {[%mdl 576] Deflection} 50. Kxc1 Qxb3 51. exd4 cxd4 {[%mdl 4096] Endgame KQ-KRB} 52. Rc2 (52. Be2 $142) 52... d3 53. Bxd3 Qxd3 {KQ-KR} 54. c5 Qf1+ 55. Kd2 Qg2+ 56. Kd3 Qd5+ 57. Ke3 Qc6 58. Kd4 Kg7 59. Rc3 Kf6 60. Rb3 Qa4+ {Black mates.} 61. Kc3 Ke5 62. Rb4 Qa3+ 63. Kc4 Qc1+ 64. Kd3 Qxc5 65. Re4+ Kf5 66. Re2 Kf4 67. Re4+ Kf3 68. Rc4 Qf5+ 69. Kd2 g5 70. Rc3+ Kg2 71. h3 h5 72. Re3 g4 73. hxg4 hxg4 74. Re2+ Kh3 75. Ke1 g3 {Accuracy: White = 44%, Black = 60%.} 0-1

[Event "1.FrauenBL 2018-19"]
[Site "Berlin"]
[Date "2019.03.03"]
[Round "11.1"]
[White "Schmidt, Jessica"]
[Black "Klek, Hanna Marie"]
[Result "1/2-1/2"]
[WhiteElo "2240"]
[BlackElo "2313"]
[Annotator "NA"]
[PlyCount "118"]
[EventDate "2018.10.27"]
[EventType "team-tourn"]
[EventCountry "GER"]
[SourceTitle "playchess.com"]
[Source "ChessBase"]
[SourceQuality "1"]
[WhiteTeam "Karlsruher SF"]
[BlackTeam "SF Deizisau"]
[TimeControl "40/5400+30:1800+30"]

1. d4 {[%emt 0:00:02]} d5 {[%emt 0:00:05]} 2. c4 {[%emt 0:00:07]} e6 {[%emt 0:00:04]} 3. Nf3 {[%emt 0:00:19]} a6 {[%emt 0:00:05]} 4. cxd5 {[%emt 0:01:02]} exd5 {[%emt 0:00:07]} 5. Nc3 {[%emt 0:00:06]} Nf6 6. Bg5 {[%emt 0:00:32]} Be6 {[%emt 0:00:20]} 7. e3 {[%emt 0:00:28]} Bd6 {[%emt 0:01:25]} 8. Bd3 {[%emt 0:00:00]} O-O {[%emt 0:00:06]} 9. O-O {[%emt 0:04:06]} h6 {[%emt 0:04:00]} 10. Bh4 {[%emt 0:00:21]} Nbd7 {[%emt 0:00:00]} 11. Rc1 {[%emt 0:00:56]} Rc8 {[%emt 0:12:55]} 12. Bg3 {[%emt 0:11:08]} Bxg3 {[%emt 0:04:02]} 13. hxg3 {[%emt 0:00:00]} Ne8 {[%emt 0:00:14]} 14. Ne2 {[%emt 0:00:00]} Nb6 {[%emt 0:08:27]} 15. Ne5 {[%emt 0:04:01]} Nd6 {[%emt 0:00:00]} 16. Nf4 {[%emt 0:10:42]} Bf5 {[%emt 0:04:55]} 17. Bxf5 {[%emt 0:00:00]} Nxf5 {[%emt 0:01:13]} 18. Qb3 {[%emt 0:04:09]} Re8 {[%emt 0:14:12]} 19. Rfd1 {[%emt 0:14:11]} f6 {[%emt 0:00:00]} 20. Neg6 {[%emt 0:05:24]} Ne7 {[%emt 0:00:00]} 21. Ne6 {[%emt 0:00:00]} Qd6 {[%emt 0:11:44]} 22. Nxe7+ {[%emt 0:00:00]} Rxe7 {[%emt 0:00:31]} 23. Nc5 {[%emt 0:00:00]} Rb8 {[%emt 0:00:00]} 24. a4 {[%emt 0:00:00]} Qd8 {[%emt 0:15:25]} 25. e4 {[%emt 0:10:14]} c6 {[%emt 0:01:02]} 26. Re1 {[%emt 0:03:16]} a5 {[%emt 0:04:32]} 27. Nd3 {[%emt 0:14:20]} Kh8 {[%emt 0:04:26]} 28. e5 {[%emt 0:00:00]} Nd7 {[%emt 0:00:59]} 29. Nf4 {[%emt 0:00:00]} Nf8 {[%emt 0:00:08]} 30. Qc3 {[%emt 0:00:01]} fxe5 {[%emt 0:01:01]} 31. dxe5 {[%emt 0:00:10]} Qb6 {[%emt 0:00:00]} 32. Qc5 {[%emt 0:05:10]} Qxc5 {[%emt 0:03:54]} 33. Rxc5 {[%emt 0:05:07]} Ra8 {[%emt 0:02:42]} 34. Rc3 {[%emt 0:01:27]} Kh7 {[%emt 0:00:30]} 35. Nd3 {[%emt 0:01:45]} Ne6 {[%emt 0:01:07]} 36. f4 {[%emt 0:00:18]} h5 {[%emt 0:00:00]} 37. Nc5 {[%emt 0:02:28]} Nxc5 {[%emt 0:03:11]} 38. Rxc5 {[%emt 0:00:06]} Kg6 {[%emt 0:00:08]} 39. Kf2 {[%emt 0:01:34]} Kf5 {[%emt 0:00:08]} 40. Rh1 {[%emt 0:00:18]} g6 {[%emt 0:00:09]} 41. Kf3 {[%emt 0:30:20]} Ra6 {[%emt 0:08:04]} 42. Rh4 {[%emt 0:00:00]} Rh7 {[%emt 0:06:47]} 43. g4+ {[%emt 0:00:00]} hxg4+ {[%emt 0:00:52]} 44. Rxg4 {[%emt 0:00:00]} Rh5 {[%emt 0:03:43]} 45. Rc3 {[%emt 0:00:00]} Rb6 {[%emt 0:00:26]} 46. b3 {[%emt 0:00:00]} c5 {[%emt 0:07:20]} 47. e6 {[%emt 0:00:00]} Kf6 {[%emt 0:05:42]} 48. Rxc5 {[%emt 0:00:00]} Rxb3+ {[%emt 0:00:09]} 49. Ke2 {[%emt 0:02:42]} Rb4 {[%emt 0:02:28]} 50. Rxa5 {[%emt 0:00:00]} Re4+ {[%emt 0:00:11]} 51. Kd3 {[%emt 0:00:00]} Rxe6 {[%emt 0:00:07]} 52. Rb5 {[%emt 0:01:30]} b6 {[%emt 0:00:00]} 53. Rg3 {[%emt 0:01:32]} Rh1 {[%emt 0:01:36]} 54. Re3 {[%emt 0:01:20]} Rd6 {[%emt 0:00:52]} 55. a5 {[%emt 0:01:59]} bxa5 {[%emt 0:00:24]} 56. Rxa5 {[%emt 0:00:04]} Rf1 {[%emt 0:01:08]} 57. g3 {[%emt 0:00:21]} d4 {[%emt 0:00:43]} 58. Ke2 {[%emt 0:02:15]} Rxf4 {[%emt 0:01:02]} 59. gxf4 {[%emt 0:00:06]} dxe3 {[%emt 0:00:00]} 1/2-1/2

[Event "1.FrauenBL 2018-19"]
[Site "Berlin"]
[Date "2019.03.03"]
[Round "11.1"]
[White "Schneider, Jana"]
[Black "Burchardt, Brigitte"]
[Result "1-0"]
[WhiteElo "2201"]
[BlackElo "2158"]
[Annotator "NA"]
[PlyCount "125"]
[EventDate "2018.10.27"]
[EventType "team-tourn"]
[EventCountry "GER"]
[SourceTitle "playchess.com"]
[Source "ChessBase"]
[SourceQuality "1"]
[WhiteTeam "Bad Koenigshofen"]
[BlackTeam "Pankow"]
[TimeControl "40/5400+30:1800+30"]

1. e4 {[%emt 0:00:00]} c5 {[%emt 0:00:12]} 2. Nf3 {[%emt 0:00:12]} d6 {[%emt 0:00:05]} 3. d4 {[%emt 0:00:06]} cxd4 {[%emt 0:00:03]} 4. Nxd4 {[%emt 0:00:08]} Nf6 {[%emt 0:00:06]} 5. f3 {[%emt 0:00:00]} e5 {[%emt 0:14:57]} 6. Nb3 {[%emt 0:00:23]} Be6 {[%emt 0:00:00]} 7. c4 {[%emt 0:00:41]} Nbd7 {[%emt 0:00:00]} 8. Nc3 {[%emt 0:00:36]} Be7 {[%emt 0:10:39]} 9. Be3 {[%emt 0:23:56]} O-O {[%emt 0:00:43]} 10. Be2 {[%emt 0:00:00]} Ne8 {[%emt 0:00:00]} 11. O-O {[%emt 0:00:00]} Nc5 {[%emt 0:22:47]} 12. Nd5 {[%emt 0:00:00]} Bxd5 {[%emt 0:02:42]} 13. cxd5 {[%emt 0:00:00]} b6 {[%emt 0:04:23]} 14. Nd2 {[%emt 0:30:35]} Bg5 {[%emt 0:02:11]} 15. Bxg5 {[%emt 0:00:00]} Qxg5 {[%emt 0:00:05]} 16. b4 {[%emt 0:00:00]} Qe3+ {[%emt 0:01:54]} 17. Kh1 {[%emt 0:00:00]} Nd3 {[%emt 0:01:04]} 18. Bxd3 {[%emt 0:05:14]} Qxd3 {[%emt 0:00:00]} 19. Rc1 {[%emt 0:00:00]} Nf6 {[%emt 0:00:00]} 20. Nc4 {[%emt 0:04:50]} Qxd1 {[%emt 0:05:53]} 21. Rfxd1 {[%emt 0:00:00]} Rfd8 {[%emt 0:00:00]} 22. Rc2 {[%emt 0:00:00]} Kf8 {[%emt 0:02:39]} 23. Rdc1 {[%emt 0:00:00]} g6 {[%emt 0:00:57]} 24. g4 {[%emt 0:04:39]} h6 {[%emt 0:01:05]} 25. Kg2 {[%emt 0:01:05]} Ke7 {[%emt 0:00:00]} 26. Na3 {[%emt 0:00:00]} Ne8 {[%emt 0:12:31]} 27. Rc6 {[%emt 0:12:31]} Rd7 {[%emt 0:01:31]} 28. Nc4 {[%emt 0:00:00]} Rb8 {[%emt 0:05:26]} 29. Kf2 {[%emt 0:00:00]} Ng7 {[%emt 0:00:06]} 30. Ne3 {[%emt 0:00:00]} h5 {[%emt 0:00:00]} 31. a4 {[%emt 0:05:45]} hxg4 {[%emt 0:05:08]} 32. fxg4 {[%emt 0:00:16]} Rf8 {[%emt 0:02:21]} 33. Rc8 {[%emt 0:02:02]} Rxc8 {[%emt 0:02:19]} 34. Rxc8 {[%emt 0:00:37]} Rd8 {[%emt 0:00:53]} 35. Rc6 {[%emt 0:00:54]} Rd7 {[%emt 0:01:03]} 36. Kf3 {[%emt 0:09:13]} g5 {[%emt 0:00:49]} 37. Nc2 {[%emt 0:00:49]} Ne8 {[%emt 0:00:31]} 38. b5 {[%emt 0:00:31]} Rb7 {[%emt 0:00:00]} 39. Nb4 {[%emt 0:00:00]} Nc7 {[%emt 0:03:20]} 40. Kg3 {[%emt 0:00:00]} Kd7 {[%emt 0:00:10]} 41. Rc2 {[%emt 0:28:14]} f6 {[%emt 0:30:56]} 42. h4 {[%emt 0:06:12]} gxh4+ {[%emt 0:00:00]} 43. Kxh4 {[%emt 0:00:00]} Ke7 {[%emt 0:00:00]} 44. Kh5 {[%emt 0:00:00]} Kf8 {[%emt 0:00:00]} 45. Kh6 {[%emt 0:00:00]} Ne8 {[%emt 0:00:00]} 46. Rc8 {[%emt 0:00:00]} Rd7 {[%emt 0:00:00]} 47. Nc6 {[%emt 0:00:00]} Kf7 {[%emt 0:00:00]} 48. Nd8+ {[%emt 0:00:00]} Ke7 {[%emt 0:00:00]} 49. Ne6 {[%emt 0:00:00]} Kf7 {[%emt 0:00:00]} 50. Ra8 {[%emt 0:00:00]} Re7 {[%emt 0:00:00]} 51. Nd8+ {[%emt 0:00:00]} Kg8 {[%emt 0:00:00]} 52. Nc6 {[%emt 0:00:00]} Rh7+ {[%emt 0:00:00]} 53. Kg6 {[%emt 0:00:00]} Rg7+ {[%emt 0:00:00]} 54. Kf5 {[%emt 0:00:00]} Kf8 {[%emt 0:00:00]} 55. Rxa7 {[%emt 0:00:00]} Rg5+ {[%emt 0:02:27]} 56. Ke6 {[%emt 0:00:00]} Rxg4 {[%emt 0:00:35]} 57. Rf7+ {[%emt 0:00:00]} Kg8 {[%emt 0:00:03]} 58. Ne7+ {[%emt 0:00:00]} Kh8 {[%emt 0:00:07]} 59. Rf8+ {[%emt 0:03:12]} Kh7 {[%emt 0:00:00]} 60. Rxe8 {[%emt 0:00:00]} Rxe4 {[%emt 0:00:43]} 61. Kxd6 {[%emt 0:00:00]} Rxa4 {[%emt 0:00:29]} 62. Kc7 {[%emt 0:01:12]} Kg7 {[%emt 0:00:41]} 63. d6 {[%emt 0:00:00]} 1-0